000 00869cad a22002055a 4500
001 E121974
008 030414s2003 xxk 000 0 eng u
035 _a(Sirsi) u121974
245 _aSahib Foods Ltd v Paskin Kyriakides Sands
_h[eletronic resource]
260 _c2003
520 _a[2003] EWHC 142 (TCC), 3 March 2003. Architect (P) was held to be liable following fire in food factory caused by negligence of employee. (P) failed to achive level of skill and care expected of average architect.
650 _aSAHIB FOODS LTD AND ANOTHER V PASKIN KYRIAKIDES SANDS
650 _aARCHITECTS
650 _aCONTRIBUTORY NEGLIGENCE
650 _aAPPORTIONMENT
650 _aLIABILITY
690 _aPROFESSIONAL PRACTICE-NEGLIGENCE-CASE LAW
856 _uhttps://www.bailii.org/ew/cases/EWHC/TCC/2003/142.html
_zView the judgment at www.bailii.org
942 _n0
999 _c72488
_d72488